Statistics for Cities of Lithuania (with map)

Click here to take the quiz!

General Stats

  • This quiz has been taken 77 times
  • The average score is 42 of 103

Answers on the Map

Answers color-coded by a green-red scale on the quiz's map according to % correct below.
 

Answer Stats

EilėMiestaiGyventojų skaičius% Correct
1Vilnius546 155
91%
3Klaipėda152 008
88%
2Kaunas298 753
85%
6Alytus52 727
82%
7Marijampolė36 727
76%
4Šiauliai100 653
76%
5Panevėžys89 110
74%
9Jonava27 381
71%
22Druskininkai12 908
68%
18Palanga16 746
68%
14Tauragė21 203
68%
12Telšiai22 642
68%
10Utena25 343
68%
49Trakai5 426
65%
17Kretinga17 249
62%
61Neringa3 609
62%
19Šilutė15 952
62%
26Biržai10 734
59%
29Jurbarkas10 186
59%
8Mažeikiai33 101
59%
24Elektrėnai11 255
56%
11Kėdainiai23 461
56%
13Ukmergė21 258
56%
15VIsaginas19 446
56%
68Akmenė2 355
53%
21Gargždai15 065
53%
50Ignalina5 106
53%
59Lazdijai4 016
53%
23Rokiškis11 770
53%
40Šalčininkai6 857
53%
54Šilalė4 729
53%
47Skuodas5 508
53%
43Zarasai6 077
53%
20Radviliškis15 103
50%
37Varėna8 202
50%
28Vilkaviškis10 286
50%
64Birštonas3 072
47%
35Joniškis8 612
47%
60Kalvarija3 982
47%
32Lentvaris9 713
47%
16Plungė17 543
47%
33Prienai8 796
44%
48Šakiai5 462
44%
27Garliava10 366
41%
39Kelmė7 688
41%
42Kupiškis6 218
41%
45Molėtai5 782
41%
62Rietavas3 234
41%
44Širvintos5 827
41%
34Anykščiai8 697
38%
38Naujoji Akmenė7 985
38%
41Pasvalys6 451
38%
31Raseiniai9 865
38%
81Salantai1 272
38%
56Švenčionys4 448
38%
57Vievis4 311
38%
46Kazlų Rūda5 590
35%
52Nemenčinė4 831
35%
69Venta2 250
35%
36Kaišiadorys8 380
32%
25Kuršėnai10 916
32%
58Kybartai4 126
32%
90Seda903
32%
89Baltoji Vokė998
29%
30Grigiškės9 950
29%
78Kudirkos Naumiestis1 381
29%
93Obeliai871
29%
55Pakruojis4 594
29%
103Panemunė217
29%
82Simnas1 247
29%
53Švenčionėliai4 748
29%
85Veisiejai1 141
29%
88Daugai1 016
26%
87Joniškėlis1 026
26%
101Kavarskas503
26%
75Pagėgiai1 576
26%
63Žiežmariai3 158
26%
66Ariogala2 743
24%
97Dūkštas732
24%
65Eišiškės2 908
24%
51Pabradė4 918
24%
102Troškūnai389
24%
72Tytuvėnai1 850
24%
92Varniai884
24%
100Dusetos531
21%
83Priekulė1 245
21%
77Skaudvilė1 427
21%
73Vilkija1 762
21%
79Žagarė1 326
21%
74Ežerėlis1 640
18%
86Jieznas1 047
18%
80Linkuva1 283
18%
84Ramygala1 241
18%
71Rūdiškės1 985
18%
67Šeduva2 421
18%
95Vabalninkas857
18%
91Virbalis885
18%
76Gelgaudiškis1 572
15%
98Pandėlys692
15%
96Smalininkai852
15%
99Užventis600
15%
70Viekšniai2 249
15%
94Subačius869
12%

Score Distribution

Percentile by Number Answered

Percent of People with Each Score

Your Score History

You have not taken this quiz